| 000 | 01176cam a22002295a 4500 | ||
|---|---|---|---|
| 001 | L138258 | ||
| 008 | 070524e2006 xxk f 100 0 eng d | ||
| 035 | _a(Sirsi) u138258 | ||
| 041 | 0 | _aeng | |
| 100 | 1 | _aStokes, M. | |
| 245 | 0 | 0 |
_aShedding light on domestic energy use _ba cross-discipline study of lighting homes _h[electronic resource] |
| 260 | _c2006 | ||
| 490 | 0 |
_aCOBRA _v2006 |
|
| 520 | _aReports that despite the availability of compact fluorescent light (CFL) bulbs, and significant efforts to drive down energy usage for domestic lighting, demand continues to increase. Report that the use of lighting relates as much to establishing a mood as clarity of vision, and that a desire to have stylish interiors can over-ride environmental principles. | ||
| 651 | 4 | _aInternational | |
| 690 | _aENVIRONMENTAL AND LAND CONSULTANCY-ENERGY-ENERGY USE | ||
| 700 | 1 | _aCrosbie, T. | |
| 700 | 1 | _aGuy, S. | |
| 711 | 2 |
_aConstruction and Building Research Conference _cUniversity College London, London _d7-8 September 2006 |
|
| 856 | 4 | 0 |
_uhttps://www.rics.org/site/scripts/download_info.aspx?downloadID=2968 _zView the item free of charge at www.rics.org... |
| 942 | _n0 | ||
| 999 |
_c107088 _d107088 |
||